000 00240 a2200085 4500
020 _a789390709182
100 _aJOSEPH, AJOY S.
245 _aPHARMACEUTICAL MANAGEMENT AND MARKETING
260 _bC.B.S. PUBLISHERS & DISTRIBUTORS, NEWDELHI
_c2021
999 _c223952
_d223952